Economics (Record no. 3441)

000 -LEADER
fixed length control field 00490nam a22002057a 4500
001 - CONTROL NUMBER
control field 3441
003 - CONTROL NUMBER IDENTIFIER
control field BD-DhUET
008 - FIXED-LENGTH DATA ELEMENTS--GENERAL INFORMATION
fixed length control field 141029b xxu||||| |||| 00| 0 eng d
020 ## - INTERNATIONAL STANDARD BOOK NUMBER
International Standard Book Number 007059855X
040 ## - CATALOGING SOURCE
Transcribing agency 0
Modifying agency BD-DhUET
082 ## - DEWEY DECIMAL CLASSIFICATION NUMBER
Classification number 330
Item number SAM/2005
100 ## - MAIN ENTRY--PERSONAL NAME
Personal name Samuelson , Paul A.
245 ## - TITLE STATEMENT
Title Economics
250 ## - EDITION STATEMENT
Edition statement 18th ed.
260 ## - PUBLICATION, DISTRIBUTION, ETC. (IMPRINT)
Place of publication, distribution, etc. New Delhi
Name of publisher, distributor, etc. Tata McGrawhill Publishing
Date of publication, distribution, etc. 2005
300 ## - PHYSICAL DESCRIPTION
Extent xxiv,776 p.
650 #0 - SUBJECT ADDED ENTRY--TOPICAL TERM
Topical term or geographic name as entry element Economics
700 ## - ADDED ENTRY--PERSONAL NAME
Personal name Nordhaus, William D.
942 ## - ADDED ENTRY ELEMENTS (KOHA)
Koha item type General Book
Holdings
Not for loan Withdrawn status Location (home branch) Date acquired Koha normalized classification for sorting Shelving location Lost status Copy number Damaged status Koha date last seen Source of classification or shelving scheme Sublocation or collection (holding branch) Price effective from Koha date last borrowed Koha item type Piece designation (barcode) Koha full call number Koha issues (times borrowed)
  Central Library, BUET2014-10-29330SAM2005Circulation section 1 2016-07-12 Central Library, BUET2014-10-292016-07-12Guide Book101768330/SAM/20055
  Central Library, BUET2006-06-10330_000000000000000_SAM_2005Circulation section 2 2019-01-30 Central Library, BUET2019-01-30 General Book101767330/SAM/2005